Game of Thrones Charaktere - Statistiken

Allgemein
  • Dieses Quiz wurde 789 mal gespielt
  • Das Durchschnittsergebnis liegt bei 9 aus 15
Antwortstatistiken
Tipp Antwort % Korrekt
Rote Haare, Winterfell, Tochter Sansa Stark
88%
König, getötet von einem Wildschwein Robert Baratheon
86%
Verliert in der ersten Staffel seinen Kopf Eddard "Ned" Stark
83%
Sah aus wie ein Junge, Winterfell, Tochter Arya Stark
79%
Gnom Tyrion Lannister
72%
Sturmtochter, Mutter der Drachen Daenerys Targaryen
62%
Königsmörder Jaime Lannister
60%
Durch ihn wurde Khaleesi "geboren" Khal Drogo
57%
Bastard, verlor die Schlacht der Bastarde Ramsay Bolton
52%
Hat seine Augen und Ohren überall Varys
52%
Spitzname Kleinfinger Petyr Baelish
48%
Schwester von Catelyn Stark Lysa Arryn
47%
Robert Baratheon's einziger Sohn Gendry Baratheon
44%
Vergiftete Joffrey Baratheon Olenna Tyrell
42%
Schwert namens Eidwahrer Brienne von Tartt
1%
Keine übereinstimmenden Quizze gefunden
Verteilung der Resultate
Anzahl Personen mit jedem Resultat
Perzentil nach korrekt beantworteten Fragen
Ihre Resultats-Entwicklung
Sie haben dieses Quiz noch nicht gespielt